LEADER 01323nam a2200301 u 4500 001 000000077759 003 CaOOAMICUS 005 20070226123345.0 008 040301s2002 it u000 u ita u 020 $a882118689X 035 $a10985678 040 $aPUL$bita 100 1 $aGirard, René,$cS.I.,$d1923-$0(OLS)http://pul/name/39005 245 13$aIl caso Nietzsche :$bla ribellione fallita dell'anticristo /$cRené Girard, Giuseppe Fornari. 260 $aGenova :$bMarietti 1820,$cc2002. 300 $a256 p. ;$c21 cm 490 1 $aCollana di filosofia ;$v77 504 $aBibliografia in nota. 600 14$aNietzsche, Friedrich Wilhelm,$d1844-1900.$0(OLS)http://pul/subject/4913 650 4$aFilosofia$xCritica.$0(OLS)http://pul/subject/18485 700 1 $aFornari, Giuseppe,$d1956-$0(OLS)http://pul/name/51698 830 0$aCollana di filosofia (Marietti) ;$v77.$0(OLS)http://pul/title/8088 850 $aPUL 852 $aPUL$W1$xSL Filosofia 1$y2$m85 I 59$j99831$nBK-PRI$b $qStampati$B99831$CPULBib$Z2$F99831 $HPUL91057 $81 941 1 $a8 996 $6020$a882118689X$9(OLS)http://pul/number/101978 996 $6245$aIl caso Nietzsche :$bla ribellione fallita dell'anticristo$9(OLS)http://pul/title/101958 996 $6260$aGenova :$bMarietti 1820$9(OLS)http://pul/publisher/58085 LEADER 02188nam a2200445 a 4500 001 000000168201 003 CaOOAMICUS 005 20180613103859.0 008 180613s2018 it u000 u lat r 020 $a978-88-8333-710-9* 032 $aLibriCat 040 $aPUL$bita 041 0 $alat$aita$aeng$aspa 111 2 $aConcilium Vaticanum$n(2 :$d1962-1965).$0(OLS)http://pul/name/3960 240 10$aOptatam totius.$0(OLS)http://pul/title/207710 245 10$aDecretum de institutione sacerdotali Optatam totius /$cFrancisco Gil Hellín. 260 $aRoma :$bEDUSC,$c©2018. 300 $aXXV, 465 p. ;$c24 cm. 490 1 $aStudi sul Concilio Vaticano II ;$v13 490 1 $aConcilii Vaticani II synopsis in ordinem redigens schemata cum relationibus necnon patrum orationes atque animadversiones ;$v13 500 $aContiene indici. 500 $aIn testa al front.: Pontificia Universitas Sanctae Crucis. 546 $aTesto in latino, parti introduttive in lingua spagnola, italiana e inglese. 611 24$aConcilium Vaticanum$n(2 :$d1962-1965)$tOptatam totius.$0(OLS)http://pul/subject/45454 700 1 $aGil Hellín, Francisco.$0(OLS)http://pul/name/17116 710 22$aPontificia Università della Santa Croce.$0(OLS)http://pul/name/34654 830 0$aStudi sul Concilio Vaticano II ;$v13.$0(OLS)http://pul/title/103194 830 0$aConcilii Vaticani II synopsis ;$v13.$0(OLS)http://pul/title/197327 850 $aPUL 852 $aPUL$W1$xSL Religione 1$y3$m30 O 1.13$j191752$qStampati$B196083$CPULBib$Z2$F196083 $H131003 $81 910 $aCentro Accademico Romano della Santa Croce.$kTesi$934654 910 $aCentro Accademico Romano della Santa Croce.$kTesi$934654 910 $aAteneo Romano della Santa Croce.$kTesi$934654 910 $aAteneo Romano della Santa Croce.$kTesi$934654 911 $aConcilio Vaticano II (1962-1965)$93960 941 1 $a8 996 $6020$a978-88-8333-710-9*$9(OLS)http://pul/number/164313 996 $6245$aDecretum de institutione sacerdotali Optatam totius$9(OLS)http://pul/title/208441 996 $6260$aRoma :$bEDUSC$9(OLS)http://pul/publisher/79480